| 000 | 01312nam a2200361 i 4500 | ||
|---|---|---|---|
| 001 | 11152 | ||
| 003 | KOSZ 005 | ||
| 005 | 20200406105107.0 | ||
| 008 | 071022s1967 pl a f 001 0 pol | ||
| 015 | _aPB 1968/1422 | ||
| 040 |
_aWA N _cKOSZ 005/RW _dKOSZ 005/RW _dKOSZ 005/HR |
||
| 041 | 1 |
_apol _hrus |
|
| 046 | _k1967 | ||
| 080 | _a658.56 | ||
| 080 | _a519.2 | ||
| 100 | 1 |
_aKordonskij, Haim Borisovič. _eAutor |
|
| 245 | 1 | 0 |
_aZastosowanie rachunku prawdopodobieństwa w technice / _cCh. B. Kordonski ; tł. Elżbieta Rosłonek-Szefel. |
| 246 | 1 |
_iTyt. oryg.: _aPriloženiâ teorii veroâtnostej v inženernom dele |
|
| 260 |
_aWarszawa : _bWydawnictwa Naukowo-Techniczne, _c1967. |
||
| 300 |
_a437, [1] s. : _bil. ; _c23 cm. |
||
| 380 | _aKsiążki. | ||
| 388 | _a1901-2000 | ||
| 504 | _aBibliogr. s. [421]-424. Indeks. | ||
| 658 | _aInżynieria i technika | ||
| 658 | _aZarządzanie i marketing | ||
| 650 | 4 | _aJakość produktu | |
| 650 | 4 | _aKontrola jakości | |
| 650 | 4 | _aRachunek prawdopodobieństwa | |
| 710 | 2 |
_aWydawnictwa Naukowo-Techniczne _4pbl. |
|
| 700 | 1 |
_aRosłonek-Szefel, Elżbieta _eTłumaczenie |
|
| 856 |
_uhttp://koha.tu.koszalin.pl/cgi-bin/koha/opac-detail.pl?biblionumber=11152 _yKatalog online BPK |
||
| 942 |
_2UKD _cKS |
||
| 999 |
_c11152 _d11152 |
||